La vita de Gesu Cristo e la sua religione con i fatti degli apostoli ragionamenti

Guardat en:
Dades bibliogràfiques
Autor principal: Cesari, Antonio (Autor)
Format: Llibre
Idioma:italià
Publicat: Turín Giacinto Marietti 1852
Edició:1a. ed
Matèries:
Etiquetes: Afegir etiqueta
Sense etiquetes, Sigues el primer a etiquetar aquest registre!

MARC

LEADER 00000cam a2200000 a 4500
001 UCD3476
003 CL-VaPUC
008 160609e18520000it |||||||||||||||||ita|d
082 0 4 |a 232.901  |b CES  |2 21 
100 0 |a Cesari, Antonio  |e author  |9 586982 
245 1 3 |a La vita de Gesu Cristo e la sua religione con i fatti degli apostoli ragionamenti 
250 |a 1a. ed 
300 |a v 
942 |c BK 
945 |d 20160609 22:21:00  |a dcastane 
260 |a Turín  |b Giacinto Marietti  |c 1852 
650 0 |a Vida de Jesús  |9 478097 
650 0 |a Cristología   |9 315091 
583 |a last modification  |c 20160609 22:21:00  |k Rodrigo Vera 
999 |c 364512  |d 364510 
952 |0 0  |1 0  |3 erd  |4 0  |6 232_901000000000000_CES_1852  |7 0  |8 X  |9 477760  |a BIBTEO  |b BIBTEO  |c TEO_FFR  |h v.1  |i 5235235  |o 232.901 CES 1852  |p 5235235  |r 2024-01-18  |w 2019-11-24  |y BK_X  |z Catalogado en:20160609  |k OFM